[Event "Tourn. n9044"]
[Site "www.chess-mail.com"]
[Date "2017.01.03"]
[Round "1"]
[White "Ditto"]
[Black "Mao"]
[WhiteElo "1780"]
[BlackElo "1870"]
[Result "0-1"]
[Round "1"]
1.d4 Ng8f6
2.c4 e6
3.Ng1f3 b6
4.Bc1g5 Bf8e7
5.e3 Bc8b7
6.Bf1e2 d5
7.O-O Nb8d7
8.Nb1c3 dxc4
9.Be2xc4 O-O
10.Bc4b3 c5
11.Bb3c2 h6
12.Bg5f4 Ra8c8
13.Qd1d3 Bb7xf3
14.gxf3 cxd4
15.exd4 Rf8e8
16.Nc3e4 Rc8c6
17.Bf4g3 Qd8c8
18.Bg3e5 Rc6xc2
19.Ra1b1 Nd7xe5
20.dxe5 Nf6d5
21.a3 Rc2c6
22.b4 Re8d8
23.Ne4g3 Nd5xb4
24.Qd3e4 Rc6c4
25.Qe4e2 Nb4d5
26.Kh1 Rc4c2
27.Qe2e4 Be7xa3
28.Qe4g4 Qc8c5
29.Ng3h5 g5
30.f4 Rc2c4
31.fxg5 Rc4xg4
32.gxh6 Qc5c6
33.Rb1b3 Nd5e3
34.f3 Ne3xf1
35.Nh5f6 Kf8
36.h3 Rg4g3
37.Rb3xa3 Rg3xf3
{ resign }
0-1

[Event "Tourn. n8956"]
[Site "www.chess-mail.com"]
[Date "2017.01.03"]
[Round "1"]
[White "Sandokam"]
[Black "Numanoid"]
[WhiteElo "2230"]
[BlackElo "2310"]
[Result "1/2-1/2"]
[Round "1"]
1.e4 e6
2.d4 d5
3.Nb1c3 Bf8b4
4.a3 Bb4xc3
5.bxc3 dxe4
6.Qd1g4 Ng8f6
7.Qg4xg7 Rh8g8
8.Qg7h6 Rg8g6
9.Qh6e3 Nb8c6
10.Bc1b2 Nc6e7
11.O-O-O Ne7f5
12.Qe3e1 b6
13.f3 Bc8b7
14.fxe4 Nf6xe4
15.Ng1f3 Nf5d6
16.Rh1g1 Qd8e7
17.Bf1d3 O-O-O
18.Qe1e2 Kb8
19.a4 a5
20.c4 Rg6g8
21.Nf3d2 Ne4xd2
22.Rd1xd2 f5
23.d5 Rd8e8
24.c5 bxc5
25.dxe6 f4
26.Qe2h5 f3
27.g3 Rg8g5
28.Qh5h6 c4
29.Bd3xh7 Nd6f5
30.Qh6f6 Qe7c5
31.Rg1e1 f2
32.Re1f1 Nf5e3
33.Rf1xf2 Ne3g4
34.Qf6f7 c3
35.Qf7xe8 Ka7
36.Qe8b5 cxd2
37.Rf2xd2 Qc5g1
38.Rd2d1 Qg1e3
39.Rd1d2 { draw }
1/2-1/2

[Event "Tourn. n9099"]
[Site "www.chess-mail.com"]
[Date "2017.01.03"]
[Round "1"]
[White "Gatrooper"]
[Black "Madz123456"]
[WhiteElo "1480"]
[BlackElo "1510"]
[Result "0-1"]
[Round "1"]
1.e4 c5
2.c4 Nb8c6
3.Ng1f3 e5
4.Nb1c3 d6
5.d3 g6
6.Nc3d5 Bf8g7
7.h3 Ng8e7
8.Bc1g5 O-O
9.Bg5xe7 Nc6xe7
10.Bf1e2 Ne7xd5
 { time }
0-1

[Event "Tourn. n9147"]
[Site "www.chess-mail.com"]
[Date "2017.01.03"]
[Round "1"]
[White "Pariolinius"]
[Black "Francesco"]
[WhiteElo "1930"]
[BlackElo "1940"]
[Result "1-0"]
[Round "1"]
1.d4 d5
2.c4 c6
3.Ng1f3 Ng8f6
4.Nb1c3 Bc8g4
5.Bc1f4 Bg4xf3
6.exf3 dxc4
7.Bf1xc4 e6
8.O-O Bf8d6
9.Bf4g5 Nb8d7
10.Rf1e1 h6
11.Bg5h4 O-O
12.Qd1c2 Qd8c7
13.Ra1d1 Bd6xh2
14.Kh1 Bh2d6
15.Nc3e4 Bd6e7
16.Bh4g3 Be7d6
17.Bg3xd6 Qc7d8
18.Bd6xf8 { resign }
1-0

[Event "Tourn. n9099"]
[Site "www.chess-mail.com"]
[Date "2017.01.03"]
[Round "1"]
[White "Vasylpuzanov"]
[Black "Autmich"]
[WhiteElo "1330"]
[BlackElo "1649"]
[Result "1-0"]
[Round "1"]
1.e4 c5
2.Ng1f3 d6
3.d4 cxd4
4.Nf3xd4 g6
5.Nb1c3 Bf8g7
6.Bf1b5 Bc8d7
7.Bb5xd7 Qd8xd7
8.O-O Nb8c6
9.Nd4xc6 { resign }
1-0

[Event "Tourn. n9117"]
[Site "www.chess-mail.com"]
[Date "2017.01.03"]
[Round "1"]
[White "Huw"]
[Black "Norlavuaram"]
[WhiteElo "2250"]
[BlackElo "2180"]
[Result "1-0"]
[Round "1"]
1.e4 e5
2.Nb1c3 Ng8f6
3.Ng1f3 Nb8c6
4.Bf1b5 d6
5.d4 exd4
6.Qd1xd4 Bc8d7
7.Bb5xc6 Bd7xc6
8.Bc1g5 Bf8e7
9.O-O-O O-O
10.Rh1e1 Nf6d7
11.Bg5xe7 Qd8xe7
12.Nc3d5 Bc6xd5
13.exd5 Qe7f6
14.Re1e3 Rf8e8
15.Re3xe8 Ra8xe8
16.Qd4xa7 Re8b8
17.Qa7d4 Qf6h6
18.Kb1 Nd7b6
19.g4 Rb8e8
20.h4 Qh6g6
21.Rd1e1 Re8xe1
22.Nf3xe1 f6
23.Ne1d3 Qg6f7
24.Nd3f4 Qf7d7
25.f3 Qd7b5
26.b3 Qb5f1
27.Kb2 Qf1xf3
28.g5 fxg5
29.hxg5 Qf3g4
30.Qd4e4 Qg4d7
31.a4 Nb6c8
32.Nf4e6 Qd7e7
33.a5 g6
34.Qe4c4 c5
35.dxc6 bxc6
36.Ne6d4 d5
37.Qc4xc6 Nc8d6
38.Qc6xd5 Kg7
39.a6 Nd6c8
40.Qd5b7 { resign }
1-0

[Event "Tourn. n9132"]
[Site "www.chess-mail.com"]
[Date "2017.01.03"]
[Round "1"]
[White "Falcoale"]
[Black "Madz123456"]
[WhiteElo "1890"]
[BlackElo "1710"]
[Result "1-0"]
[Round "1"]
1.e4 c5
2.Ng1f3 d6
3.d4 cxd4
4.Nf3xd4 Ng8f6
5.Nb1c3 e6
6.Bc1g5 Bf8e7
7.Bf1d3 { time. }
1-0

[Event "Tourn. n9132"]
[Site "www.chess-mail.com"]
[Date "2017.01.03"]
[Round "1"]
[White "Picifarkinca"]
[Black "Llcervello"]
[WhiteElo "1630"]
[BlackElo "1690"]
[Result "1-0"]
[Round "1"]
1.e4 e5
2.Nb1c3 f6
3.Bf1c4 Ng8e7
4.d4 Nb8c6
5.Ng1e2 g5
6.Bc1e3 exd4
7.Ne2xd4 Nc6xd4
8.Be3xd4 d6
9.Bd4xf6 Bf8h6
10.Qd1h5 Kd7
11.Bf6xh8 Qd8xh8
12.Qh5xh6 g4
13.O-O-O Kd8
14.Rh1e1 Bc8d7
15.e5 Ne7f5
16.Qh6f6 Qh8xf6
17.exf6 c6
18.f7 Kc7
19.Bc4e6 Nf5h6
20.Be6xd7 Kxd7
21.Nc3e4 Nh6xf7
22.Ne4f6 Kc7
23.Re1e7 Kb6
24.Re7xf7 Ra8d8
25.Nf6xg4 h5
26.Ng4e3 a6
27.Rd1xd6 { resign }
1-0

[Event "Tourn. n9149"]
[Site "www.chess-mail.com"]
[Date "2017.01.03"]
[Round "1"]
[White "Norlavuaram"]
[Black "Mitja"]
[WhiteElo "2150"]
[BlackElo "2010"]
[Result "1-0"]
[Round "1"]
1.e4 d5
2.exd5 Qd8xd5
3.Nb1c3 Qd5d8
4.d4 e6
5.Bc1f4 c6
6.Ng1f3 h6
7.h3 Ng8f6
8.Bf1c4 Nb8d7
9.O-O Nd7b6
10.Bc4b3 Bf8e7
11.Rf1e1 O-O
12.Qd1d2 Be7b4
13.Bf4h2 Nb6d5
14.a3 Bb4xc3
15.bxc3 Qd8a5
16.c4 Qa5xd2
17.Nf3xd2 Nd5b6
18.c3 Bc8d7
19.a4 Rf8e8
20.a5 Nb6c8
21.Nd2f3 Nc8e7
22.a6 bxa6
23.Ra1xa6 Bd7c8
24.Ra6a5 a6
25.Nf3e5 Bc8b7
26.Ne5d3 Nf6d7
27.Nd3b4 Kf8
28.Re1a1 Nd7b8
29.Bh2d6 Kg8
30.Bb3c2 Ne7c8
31.Bd6g3 Nc8e7
32.Nb4d3 Ne7f5
33.Bg3h2 Nf5e7
34.Nd3c5 Bb7c8
35.Bc2e4 Nb8d7
36.Nc5xd7 Bc8xd7
37.Ra5xa6 Ra8xa6
38.Ra1xa6 Re8c8
39.Ra6a7 Rc8d8
40.Bh2c7 Ne7c8
41.Ra7b7 Rd8f8
42.Bc7a5 f5
43.Be4f3 Bd7e8
44.Ba5b4 Rf8f7
45.Rb7b8 Be8d7
46.Bf3xc6 { resign }
1-0

[Event "Tourn. n9071"]
[Site "www.chess-mail.com"]
[Date "2017.01.03"]
[Round "1"]
[White "Wegaman"]
[Black "Sinergia"]
[WhiteElo "1870"]
[BlackElo "1940"]
[Result "0-1"]
[Round "1"]
1.d4 d5
2.c4 e6
3.Nb1c3 Bf8e7
4.Ng1f3 Ng8f6
5.Bc1d2 O-O
6.e3 c5
7.dxc5 Be7xc5
8.cxd5 exd5
9.Bf1e2 Nb8c6
10.Ra1c1 Qd8e7
11.O-O a6
12.Rf1e1 Qe7d6
13.a3 Bc8g4
14.h3 Bg4d7
15.Re1f1 Nc6e5
16.Nf3xe5 Qd6xe5
17.Bd2e1 Bc5d6
18.g3 Bd7xh3
19.Be2f3 Bh3xf1
20.Kxf1 Qe5f5
21.Bf3g2 Bd6xg3
{ resign }
0-1

[Event "Tourn. n9060"]
[Site "www.chess-mail.com"]
[Date "2017.01.03"]
[Round "1"]
[White "Normr"]
[Black "Ranjachess"]
[WhiteElo "1699"]
[BlackElo "1690"]
[Result "0-1"]
[Round "1"]
1.e4 e5
2.Ng1f3 Nb8c6
3.Bf1b5 Qd8f6
4.O-O a6
5.Bb5a4 Nc6d4
6.Nf3xd4 exd4
7.d3 b5
8.Ba4b3 c6
9.Rf1e1 Bf8d6
10.e5 Bd6xe5
11.f4 d6
12.fxe5 dxe5
 { time }
0-1

[Event "Tourn. n9084"]
[Site "www.chess-mail.com"]
[Date "2017.01.03"]
[Round "1"]
[White "Osopanda"]
[Black "Guidom"]
[WhiteElo "2110"]
[BlackElo "2150"]
[Result "1-0"]
[Round "1"]
1.e4 e5
2.Ng1f3 Nb8c6
3.d4 exd4
4.Nf3xd4 d6
5.Nb1c3 Ng8f6
6.Bf1b5 Bc8d7
7.O-O Bf8e7
8.f3 O-O
9.Bc1e3 Nc6xd4
10.Bb5xd7 Nd4xf3
11.Rf1xf3 Qd8xd7
12.Rf3h3 g6
13.Be3h6 Rf8e8
14.Nc3d5 Nf6xd5
15.exd5 Be7f6
16.Qd1f3 Bf6xb2
17.Ra1b1 Bb2d4
18.Kh1 Qd7b5
19.Rb1f1 f5
20.Rh3g3 Bd4e5
21.Qf3xf5 Qb5xf1
22.Qf5xf1 Be5xg3
23.hxg3 Re8e7
24.Qf1f6 Ra8e8
25.g4 Re7f7
26.Qf6c3 Re8e4
27.g5 b6
28.g3 Re4e5
29.Qc3c6 Rf7f2
30.Kg1 Rf2e2
31.Qc6xc7 Re2e1
32.Kh2 Re1e2
33.Kh3 Re5e7
34.Qc7xd6 Re2e5
35.Qd6b8 Re7e8
36.Qb8xa7 Re5e7
37.Qa7xb6 Re7e1
38.d6 { resign }
1-0

[Event "Tourn. n9112"]
[Site "www.chess-mail.com"]
[Date "2017.01.03"]
[Round "1"]
[White "Gatrooper"]
[Black "Cal"]
[WhiteElo "1480"]
[BlackElo "1510"]
[Result "0-1"]
[Round "1"]
1.e4 e5
2.a3 Ng8f6
3.Nb1c3 a6
4.h3 h6
5.Ng1f3 d6
6.d3 Nb8c6
7.Bc1d2 Bf8e7
8.Bf1e2 Bc8e6
9.O-O b5
10.Bd2e3 Nf6h7
 { time }
0-1

[Event "Tourn. n9027"]
[Site "www.chess-mail.com"]
[Date "2017.01.03"]
[Round "1"]
[White "Ff333"]
[Black "Osopanda"]
[WhiteElo "2070"]
[BlackElo "2020"]
[Result "1-0"]
[Round "1"]
1.e4 e5
2.Bf1c4 Ng8f6
3.Ng1f3 d6
4.d3 c6
5.O-O Bc8e6
6.Nb1d2 Bf8e7
7.Bc4xe6 fxe6
8.Nf3g5 Qd8d7
9.Qd1f3 O-O
10.Qf3h3 Rf8e8
11.Qh3xe6 Qd7xe6
12.Ng5xe6 Be7d8
13.Ne6xd8 Re8xd8
14.Nd2f3 Nb8d7
15.Nf3g5 Rd8e8
16.f4 h6
17.Ng5f3 exf4
18.Bc1xf4 Nd7e5
19.Nf3xe5 dxe5
20.Bf4xh6 Nf6g4
21.Bh6g5 Re8f8
22.h3 Ng4f6
23.Rf1f3 Ra8e8
24.Ra1f1 Re8e6
25.Bg5h4 Nf6h7
26.Rf3xf8 Nh7xf8
27.Bh4g3 Nf8g6
28.Rf1f5 Kh7
29.Rf5h5 Kg8
30.Rh5f5 a5
31.h4 Kh7
32.h5 Ng6f4
33.Bg3xf4 exf4
34.Rf5xa5 Kh6
35.Ra5f5 g6
36.hxg6 Kxg6
37.Rf5xf4 b5
38.Rf4f8 Kg7
39.Rf8a8 Re6f6
40.e5 Rf6h6
41.a4 bxa4
42.Ra8xa4 Rh6e6
43.d4 Kg6
44.Kf2 Kf5
45.Ra4a6 Ke4
46.c3 Kd3
47.d5 Re6xe5
48.dxc6 Re5f5
49.Kg1 Ke2
50.c7 Rf5c5
51.Ra6a7 Kd3
52.Kf2 Kc2
53.Ra7b7 Rc5c6
54.g4 Kd3
55.g5 Ke4
56.g6 { resign }
1-0

[Event "Tourn. n9117"]
[Site "www.chess-mail.com"]
[Date "2017.01.03"]
[Round "1"]
[White "Huw"]
[Black "Bojan"]
[WhiteElo "2250"]
[BlackElo "2010"]
[Result "1-0"]
[Round "1"]
1.e4 e5
2.Nb1c3 Ng8f6
3.g3 Bf8c5
4.Bf1g2 c6
5.Ng1f3 d6
6.O-O a6
7.d4 exd4
8.Nf3xd4 Bc8g4
9.Qd1d3 O-O
10.Nd4b3 Bc5b6
11.Bc1e3 Bb6xe3
12.Qd3xe3 Nb8d7
13.h3 Bg4h5
14.Nb3d2 Rf8e8
15.Ra1e1 Nd7e5
16.f4 Ne5d7
17.g4 Nf6xg4
18.hxg4 Bh5xg4
19.Qe3g3 h5
20.Nd2c4 Nd7b6
21.Nc4e3 Bg4d7
22.Bg2f3 h4
23.Qg3h2 Re8e6
24.Rf1f2 h3
25.Bf3g4 Re6h6
26.f5 Qd8g5
27.Rf2f3 Qg5h4
28.Re1e2 Ra8e8
29.Rf3xh3 Qh4g5
30.Rh3xh6 gxh6
31.Qh2h5 Qg5f4
32.Bg4f3 Kh7
33.Qh5xf7 Kh8
34.Qf7f6 Kh7
35.Re2g2 Qf4e5
36.Qf6g6 { resign }
1-0

[Event "Tourn. n9089"]
[Site "www.chess-mail.com"]
[Date "2017.01.03"]
[Round "1"]
[White "Winston"]
[Black "Osmundw"]
[WhiteElo "1469"]
[BlackElo "1450"]
[Result "1-0"]
[Round "1"]
1.e4 e6
2.d4 d5
3.e5 Bf8b4
4.c3 Nb8c6
5.cxb4 Nc6xb4
6.Qd1a4 Bc8d7
7.Qa4xb4 c5
8.Qb4xc5 Ra8c8
9.Qc5xa7 Bd7c6
10.Ng1f3 Ng8e7
11.Bf1e2 Rc8a8
12.Qa7c5 f6
13.Bc1f4 g5
14.exf6 Ne7f5
15.Bf4e5 Ra8a5
16.Qc5c1 Rh8g8
17.Nf3xg5 Rg8xg5
18.Qc1xg5 Bc6b5
19.f7 Kd7
20.Be2xb5 Kc8
21.Qg5g8 Qd8xg8
22.fxg8Q { resign }
1-0

[Event "Tourn. n9109"]
[Site "www.chess-mail.com"]
[Date "2017.01.03"]
[Round "1"]
[White "Gatrooper"]
[Black "Madz123456"]
[WhiteElo "1480"]
[BlackElo "1510"]
[Result "0-1"]
[Round "1"]
1.e4 c6
2.c4 d5
3.cxd5 cxd5
4.e5 Bc8f5
5.d4 Nb8c6
6.Ng1f3 e6
7.Nb1c3 Bf5g4
8.Bf1e2 Ng8e7
9.h3 Bg4xf3
10.Be2xf3 Ne7f5
 { time }
0-1

[Event "Tourn. n9013"]
[Site "www.chess-mail.com"]
[Date "2017.01.03"]
[Round "1"]
[White "Kampungboy"]
[Black "Romaamor69"]
[WhiteElo "2540"]
[BlackElo "2420"]
[Result "1-0"]
[Round "1"]
1.e4 e6
2.Ng1f3 d5
3.Nb1c3 Ng8f6
4.e5 Nf6d7
5.d4 c5
6.dxc5 Nb8c6
7.Bc1f4 Bf8xc5
8.Bf1d3 f6
9.exf6 Nd7xf6
10.O-O O-O
11.Qd1e2 Nf6h5
12.Bf4g5 Nh5f4
13.Qe2d2 Qd8c7
14.Nc3b5 Qc7b8
15.Bg5xf4 Rf8xf4
16.c3 Bc8d7
17.Nb5d4 e5
18.Nd4e2 Rf4f6
19.Bd3c4 dxc4
20.Qd2xd7 Qb8d8
21.Qd7g4 b5
22.Ne2g3 Qd8e7
23.a4 Rf6f4
24.Qg4h3 e4
25.Nf3g5 Qe7xg5
26.Qh3e6 Kf8
27.Qe6xc6 Ra8e8
28.Ra1e1 Bc5b6
29.Re1xe4 Re8xe4
30.Ng3xe4 Qg5e5
31.Ne4d2 bxa4
32.Nd2f3 Qe5c5
33.Qc6a8 Kf7
34.Kh1 Rf4f6
35.h4 h6
36.Rf1e1 Rf6e6
37.Re1xe6 Kxe6
38.Qa8e8 Kf6
39.Nf3d2 Qc5e7
40.Qe8c6 Qe7e6
41.Nd2e4 Kf7
42.Qc6b7 Qe6e7
43.Qb7d5 Qe7e6
44.Qd5h5 Ke7
45.Qh5f3 h5
46.Qf3f4 Kd7
47.Kh2 Qe6d5
48.g3 Bb6c7
49.Qf4f3 Ke7
50.Qf3e2 Kd7
51.Ne4g5 Bc7e5
52.Qe2c2 a5
53.Qc2xa4 Ke7
54.Qa4c2 Qd5d3
55.Qc2c1 Qd3e2
56.Kg2 Qe2d3
57.Qc1e1 Qd3d5
58.Ng5f3 Ke6
59.Qe1xe5 Qd5xe5
60.Nf3xe5 Kxe5
61.Kf3 { resign }
1-0

[Event "Tourn. n9108"]
[Site "www.chess-mail.com"]
[Date "2017.01.03"]
[Round "1"]
[White "Norlavuaram"]
[Black "Roserl"]
[WhiteElo "2160"]
[BlackElo "2120"]
[Result "0-1"]
[Round "1"]
1.e4 c5
2.Ng1f3 e6
3.d4 cxd4
4.Nf3xd4 a6
5.Bc1e3 Qd8c7
6.c4 Ng8f6
7.Nb1c3 Bf8b4
8.f3 O-O
9.Qd1d3 Nb8c6
10.O-O-O Nc6e5
11.Qd3e2 b5
12.Nd4c2 Bb4xc3
13.bxc3 Ne5xc4
14.g4 Qc7a5
15.Nc2b4 Qa5a3
16.Kc2 a5
17.Nb4d3 Qa3xa2
18.Kc1 Qa2xe2
{ resign }
0-1

[Event "Match"]
[Site "www.echecsemail.com"]
[Date "2017.01.03"]
[Round "1"]
[White "Coraza8091"]
[Black "Pariolinius"]
[WhiteElo "1520"]
[BlackElo "1860"]
[Result "0-1"]
[Round "1"]
1.e4 c5
2.Bf1c4 e6
3.Ng1f3 Nb8c6
4.d3 Ng8f6
5.h3 Bf8e7
6.Nb1c3 a6
7.e5 Nf6g8
8.Bc1e3 b5
9.Bc4b3 Bc8b7
10.Qd1d2 Qd8c7
11.O-O-O Nc6xe5
12.Be3f4 d6
13.Bf4xe5 dxe5
14.a4 Ng8f6
15.Rh1e1 Ra8d8
16.Nf3xe5 O-O
17.g4 c4
18.Bb3a2 cxd3
19.Ne5xd3 Bb7f3
20.Nc3e2 Nf6e4
21.Qd2e3 Bf3g2
22.Ne2f4 Be7g5
23.Re1g1 e5
24.Rg1xg2 exf4
25.Qe3f3 Rf8e8
26.axb5 axb5
27.Rg2h2 Kh8
28.h4 Bg5f6
29.g5 Bf6e5
30.b4 Ne4c3
31.Ba2b3 Be5d6
32.Rd1d2 Bd6xb4
33.Nd3xb4 Re8e1
34.Kb2 Re1b1
{ resign }
0-1

[Event "Match"]
[Site "www.echecsemail.com"]
[Date "2017.01.03"]
[Round "1"]
[White "Winston"]
[Black "Cal"]
[WhiteElo "1199"]
[BlackElo "1530"]
[Result "1-0"]
[Round "1"]
1.e4 e5
2.Ng1f3 d6
3.d4 exd4
4.Nf3xd4 c5
5.Nd4f3 h6
6.Nb1c3 Ng8f6
7.Bf1b5 Bc8d7
8.Bb5xd7 Nb8xd7
9.Bc1f4 Bf8e7
10.O-O O-O
11.Rf1e1 Nf6h5
12.Bf4e3 f6
13.Qd1d5 Kh8
14.Qd5xh5 Kh7
15.Nf3h4 a6
16.Qh5g6 Kg8
17.Be3xh6 Rf8f7
18.Nh4f5 Nd7e5
19.Nf5xe7 Qd8xe7
20.Qg6g3 g5
21.Nc3d5 Qe7d7
22.Nd5b6 Qd7e6
23.Nb6xa8 Ne5g6
24.Na8b6 Rf7h7
25.Bh6xg5 Kf7
26.Bg5d2 Qe6e5
27.Qg3xe5 dxe5
28.Nb6d5 b5
29.b3 Ng6f8
30.a4 b4
31.f4 exf4
32.Bd2xf4 Nf8e6
33.Bf4g3 Ne6d4
34.Ra1c1 Ke6
35.Bg3f2 Nd4c6
36.Bf2xc5 Nc6e5
37.Bc5xb4 f5
38.Nd5f4 Kf6
39.Bb4c3 Rh7e7
40.Nf4d5 Kf7
41.Nd5xe7 Kxe7
42.exf5 { resign }
1-0

[Event "Match"]
[Site "www.echecsemail.com"]
[Date "2017.01.03"]
[Round "1"]
[White "Carazo"]
[Black "Pariolinius"]
[WhiteElo "1750"]
[BlackElo "1900"]
[Result "0-1"]
[Round "1"]
1.e4 d5
2.exd5 Qd8xd5
3.Nb1c3 Qd5a5
4.Bf1b5 c6
5.Bb5a4 Ng8f6
6.Qd1f3 e6
7.Ng1e2 { time. }
0-1

[Event "Match"]
[Site "www.echecsemail.com"]
[Date "2017.01.03"]
[Round "1"]
[White "Irene"]
[Black "Carazo"]
[WhiteElo "2150"]
[BlackElo "1750"]
[Result "1-0"]
[Round "1"]
1.d4 d5
2.Nb1c3 Ng8f6
3.g3 Nb8c6
4.Ng1f3 Bc8g4
5.Nf3e5 a6
6.Qd1d3 Nc6b4
{ time. }
1-0

[Event "Match"]
[Site "www.echecsemail.com"]
[Date "2017.01.03"]
[Round "1"]
[White "Mikecze"]
[Black "Arerax"]
[WhiteElo "1499"]
[BlackElo "1499"]
[Result "1-0"]
[Round "1"]
1.e3 e5
2.c3 Ng8f6
3.d4 exd4
4.cxd4 Bf8b4
5.Nb1c3 Bb4xc3
6.bxc3 Nf6e4
7.Qd1d3 d5
8.c4 Bc8f5
9.cxd5 Qd8xd5
10.Ra1b1 c6
11.Ng1f3 Ne4g5
12.h4 Bf5xd3
13.Bf1xd3 Ng5xf3
14.gxf3 Qd5xf3
15.Rh1g1 O-O
16.Rg1g3 Qf3h1
17.Kd2 Qh1h2
18.Rg3f3 Qh2xh4
19.Bc1a3 Rf8e8
20.Rb1xb7 Re8e7
21.Rb7xe7 Qh4xe7
22.Ba3xe7 Nb8d7
23.Bd3c4 Nd7f6
24.Be7xf6 gxf6
25.Rf3xf6 Ra8c8
26.Rf6xf7 c5
27.dxc5 Rc8xc5
28.Bc4e6 Kh8
29.Rf7xa7 Rc5c6
30.Be6f5 Rc6d6
31.Ke2 Rd6h6
32.Ra7xh7 Rh6xh7
33.Bf5xh7 Kxh7
34.a4 { resign }
1-0

[Event "Match"]
[Site "www.echecsemail.com"]
[Date "2017.01.03"]
[Round "1"]
[White "Nulladies"]
[Black "Falcoale"]
[WhiteElo "1810"]
[BlackElo "1710"]
[Result "1/2-1/2"]
[Round "1"]
1.d4 Ng8f6
2.Bc1f4 e6
3.Ng1f3 b6
4.e3 Bc8b7
5.Nb1d2 Bf8e7
6.Bf1d3 d5
7.Nf3e5 O-O
8.O-O Nb8d7
9.Ra1c1 Nd7xe5
10.dxe5 Nf6e4
11.f3 Ne4c5
12.Bd3e2 Be7g5
13.Bf4xg5 Qd8e8
14.b4 Nc5d7
15.c4 Nd7xe5
16.cxd5 Bb7xd5
17.Nd2c4 Ne5xc4
18.Be2xc4 Bd5xc4
19.Rc1xc4 Ra8c8
20.Bg5f4 e5
21.Rc4e4 f6
22.Qd1d5 Kh8
23.Qd5c4 Qe8a4
24.b5 Qa4xc4
25.Re4xc4 exf4
26.Rc4xf4 c5
27.bxc6 Rc8xc6
28.Rf4d4 b5
29.Rf1d1 Rc6c2
30.Rd4d8 Rc2c8
31.Rd8xf8 Rc8xf8
32.Rd1d7 a5
33.Kf2 Rf8b8
34.Ke2 a4
35.Kd3 h6
36.Kc3 b4
37.Kb2 Rb8c8
38.Rd7b7 a3
39.Kb3 Rc8c1
40.Rb7xb4 Rc1g1
41.g3 Rg1g2
42.Kxa3 Rg2xh2
43.Rb4b2 Rh2h3
44.Rb2g2 Rh3h5
45.Rg2d2 Rh5h3
46.Rd2g2 Rh3h1
47.Kb2 Rh1e1
48.e4 Re1e3
49.Rg2f2 g5
50.a4 Kg7
51.a5 Re3d3
52.g4 Kg6
53.Rf2f1 Rd3d2
54.Kb3 Rd2d3
55.Kb4 h5
56.gxh5 Kxh5
57.a6 Rd3d2
58.Rf1a1 Rd2d8
59.a7 Rd8a8
60.Kb5 Kh4
61.Kb6 Kg3
62.Kb7 Ra8xa7
63.Ra1xa7 Kxf3
64.Kc6 Kxe4
65.Kd6 f5
66.Ke6 f4
67.Ra7g7 f3
68.Rg7xg5 f2
69.Rg5f5 Ke3
70.Ke5 Ke2
71.Rf5xf2 Kxf2
72.Kf5 { draw }
1/2-1/2

[Event "1/64 Finale"]
[Site "www.chess-mail.com"]
[Date "2017.01.03"]
[Round "1"]
[White "Hennie4820"]
[Black "Godrad"]
[WhiteElo "2020"]
[BlackElo "2140"]
[Result "1-0"]
[Round "1"]
1.e4 c5
2.Ng1f3 d6
3.d4 cxd4
4.Nf3xd4 Ng8f6
5.Nb1c3 a6
6.Bc1e3 e5
7.Nd4b3 Bc8e6
8.Nc3d5 Nb8d7
9.Nd5xf6 Nd7xf6
10.Bf1d3 Bf8e7
11.O-O O-O
12.Qd1d2 Nf6g4
13.h3 Ng4xe3
14.Qd2xe3 Be7g5
15.Qe3e2 Ra8c8
16.Ra1d1 Qd8b6
17.Kh2 Rf8d8
18.c3 g6
19.g3 Bg5f6
20.f4 exf4
21.gxf4 Bf6g7
22.h4  { time }
1-0

[Event "1/16 Finale"]
[Site "www.chess-mail.com"]
[Date "2017.01.03"]
[Round "1"]
[White "Sachpat"]
[Black "Bevittsmith"]
[WhiteElo "2540"]
[BlackElo "2270"]
[Result "1-0"]
[Round "1"]
1.e4 e6
2.d4 d5
3.Nb1c3 Bf8b4
4.e5 c5
5.a3 Bb4xc3
6.bxc3 Ng8e7
7.Ng1f3 Qd8c7
8.a4 b6
9.Bf1b5 Bc8d7
10.Bb5d3 Nb8c6
11.O-O h6
12.Rf1e1 O-O
13.Bc1f4 Ne7g6
14.Bf4g3 Nc6e7
15.Nf3h4 Ng6xh4
16.Bg3xh4 Ne7f5
17.Bd3xf5 exf5
18.Bh4e7 Rf8e8
19.Be7d6 Qc7c6
20.dxc5 bxc5
21.a5 f4
22.Qd1f3 Bd7f5
23.c4 Bf5e4
24.Qf3xf4 Be4xc2
25.Re1c1 Bc2b3
26.Qf4f3 Ra8c8
27.Qf3xb3 { resign }
1-0

[Event "1/32 Finale"]
[Site "www.chess-mail.com"]
[Date "2017.01.03"]
[Round "1"]
[White "Redabond"]
[Black "Sandokam"]
[WhiteElo "1700"]
[BlackElo "2230"]
[Result "0-1"]
[Round "1"]
1.d4 Ng8f6
2.Bc1f4 d6
3.e3 Nb8d7
4.Bf1c4 g6
5.Ng1f3 e6
6.O-O Bf8g7
7.d5 exd5
8.Bc4xd5 Nf6xd5
9.Qd1xd5 Bg7xb2
10.Nf3g5 Qd8f6
11.Qd5e4 Nd7e5
12.Bf4xe5 Qf6xe5
13.Qe4xe5 dxe5
14.Nb1d2 Bb2xa1
15.Rf1xa1 f6
16.Ng5e4 Ke7
17.Nd2b1 Rh8d8
18.Nb1c3 b6
19.Nc3b5 Bc8b7
20.Kf1 Bb7xe4
21.Nb5xc7 Ra8c8
22.Nc7a6 Rc8xc2
23.f3 Be4d3
24.Kg1 Bd3xa6
{ resign }
0-1

[Event "Fast Game"]
[Site "www.echecsemail.com"]
[Date "2017.01.03"]
[Round "1"]
[White "Yoj"]
[Black "Jobeye"]
[WhiteElo "1869"]
[BlackElo "1650"]
[Result "1-0"]
[Round "1"]
1.f4 Nb8c6
2.Nb1a3 d5
3.Ng1f3 Ng8f6
4.d3 Bc8f5
5.Nf3h4 e5
6.Nh4xf5 exf4
7.Bc1xf4 Bf8d6
8.Bf4xd6 cxd6
9.Nf5xg7 Kf8
10.Ng7f5 Qd8a5
11.c3 { resign }
1-0

[Event "Tourn. n9151"]
[Site "www.chess-mail.com"]
[Date "2017.01.04"]
[Round "1"]
[White "Ff333"]
[Black "Bojan"]
[WhiteElo "2070"]
[BlackElo "2010"]
[Result "1-0"]
[Round "1"]
1.e4 e5
2.Ng1f3 Nb8c6
3.Bf1b5 Qd8f6
4.Bb5xc6 bxc6
5.O-O d5
6.d4 exd4
7.Qd1xd4 Qf6xd4
8.Nf3xd4 Bf8c5
9.Nd4xc6 dxe4
10.b4 Bc5b6
11.Bc1b2 f6
12.a4 e3
13.Rf1e1 Kd7
14.Nc6d4 exf2
15.Kxf2 c5
16.bxc5 Bb6xc5
17.Nb1d2 Ng8e7
18.Nd2b3 Bc5b6
19.a5 Bb6d8
20.Ra1d1 Bc8b7
21.Nd4e6 Ke8
22.Ne6xg7 Kf7
23.Ng7h5 Ne7g6
24.Rd1d7 Ng6e7
25.Rd7xb7 Rh8e8
26.Nh5xf6 { resign }
1-0

[Event "Tourn. n8957"]
[Site "www.chess-mail.com"]
[Date "2017.01.04"]
[Round "1"]
[White "Odin"]
[Black "Johnmcbride"]
[WhiteElo "1910"]
[BlackElo "1900"]
[Result "0-1"]
[Round "1"]
1.d4 d5
2.Nb1c3 e6
3.Ng1f3 h6
4.Bc1f4 g5
5.Bf4g3 Bf8d6
6.Bg3e5 Ng8f6
7.e3 Bd6b4
8.Qd1d3 Nb8c6
9.a3 Bb4e7
10.Nc3b5 Nc6xe5
11.Nf3xe5 c6
12.Bf1e2 O-O
13.O-O cxb5
14.Qd3xb5 a6
15.Qb5d3 Nf6d7
16.Ne5g6 Rf8e8
17.Be2h5 fxg6
18.Qd3xg6 Kh8
19.Qg6xh6 Kg8
20.Qh6g6 Kh8
21.Qg6h6 Kg8
22.Bh5g4 Be7f6
23.Bg4h5 Re8e7
24.Qh6g6 Re7g7
25.Qg6d3 b5
26.b4 Nd7b6
27.Bh5g4 Ra8a7
28.f4 Nb6c4
29.f5 e5
30.dxe5 Nc4xe5
31.Qd3d1 Ne5xg4
32.Qd1xg4 Bf6xa1
33.Rf1xa1 Qd8f6
34.Ra1f1 Qf6c3
35.Qg4g3 Qc3xc2
36.f6 Rg7f7
37.Qg3xg5 Kf8
38.Qg5h6 Ke8
39.h4 Qc2h7
40.Qh6f4 Ra7c7
41.Qf4d6 Qh7d3
42.Qd6g3 Qd3xa3
43.h5 Qa3xb4
44.h6 Qb4e4
45.Qg3g8 Rf7f8
46.Qg8g3 Rf8f7
47.Qg3g8 Rf7f8
48.Qg8g3 Qe4h7
49.Qg3e5 Kd8
50.Qe5d6 Ke8
51.Qd6e5 Kd8
52.Rf1d1 Qh7xh6
53.Rd1xd5 Rc7d7
54.Qe5e7 Kc7
55.Qe7c5 Kb7
56.Rd5h5 Qh6xf6
57.Qc5c1 Rd7f7
58.Kh2 Qf6d6
59.Kg1 Rf7f1
60.Qc1xf1 Rf8xf1
61.Kxf1 Qd6d1
{ resign }
0-1

[Event "Tourn. n9101"]
[Site "www.chess-mail.com"]
[Date "2017.01.04"]
[Round "1"]
[White "Jackbauer"]
[Black "Awfen"]
[WhiteElo "1980"]
[BlackElo "2080"]
[Result "1-0"]
[Round "1"]
1.e4 Nb8c6
2.f4 e6
3.Ng1f3 Ng8f6
4.d3 Bf8b4
5.Bc1d2 Bb4c5
6.a3 Nf6g4
7.d4 Bc5e7
8.Bf1c4 O-O
9.O-O d5
10.Bc4d3 Ng4f6
11.e5 Nf6e4
12.Bd2e3 a6
13.Bd3xe4 dxe4
14.Nb1c3 exf3
15.Rf1xf3 b6
16.b3 f6
17.Rf3h3 f5
18.Qd1e2 g6
19.Ra1f1 Nc6xd4
20.Be3xd4 Qd8xd4
21.Kh1 Bc8b7
22.Rf1d1 Qd4xc3
23.Rh3xc3 c5
24.Rd1d7 Bb7xg2
25.Qe2xg2 Rf8e8
26.Rd7xe7 Re8xe7
27.Qg2xa8 Kf7
28.Qa8h8 { resign }
1-0

[Event "Tourn. n9062"]
[Site "www.chess-mail.com"]
[Date "2017.01.04"]
[Round "1"]
[White "Redapond1"]
[Black "Susov"]
[WhiteElo "2049"]
[BlackElo "1860"]
[Result "0-1"]
[Round "1"]
1.d4 d5
2.Bc1f4 Nb8c6
3.Nb1c3 Ng8f6
4.Ng1f3 Bc8g4
5.e3 a6
6.Bf1e2 Bg4xf3
7.Be2xf3 e6
8.O-O Bf8d6
9.Bf4g5 h6
10.Bg5h4 g5
11.Bh4g3 Bd6xg3
12.fxg3 g4
13.Bf3xg4 Nf6xg4
14.h3 Ng4xe3
15.Qd1f3 Ne3xf1
16.Ra1xf1 Qd8e7
17.Rf1e1 O-O-O
18.Re1f1 f5
19.Rf1e1 Nc6xd4
20.Qf3d3 c5
21.Qd3xf5 Nd4xf5
22.g4 Nf5d4
23.Re1c1 Qe7g5
24.Rc1d1 Rh8f8
25.Nc3a4 Qg5e3
26.Kh1 Qe3e2
{ resign }
0-1